[Event "JmKP I 23-24 Univerzita B-Lokomotiva B"]
[Site "?"]
[Date "2024.01.07"]
[Round "27.2"]
[White "Pribyl, Rene"]
[Black "Hladik, Josef"]
[Result "1/2-1/2"]
[WhiteElo "1855"]
[BlackElo "2014"]
[PlyCount "42"]
[SourceDate "2022.08.13"]

1. d4 d5 2. Nf3 c6 3. g3 Bf5 4. Bg2 e6 5. O-O Bd6 6. b3 Ne7 7. c4 O-O 8. Re1
Bxb1 9. Rxb1 f5 10. Ne5 Nd7 11. Bf4 Nxe5 12. Bxe5 Bxe5 13. dxe5 g5 14. f4 Ng6
15. e3 g4 16. cxd5 cxd5 17. Rc1 Qa5 18. Re2 Rac8 19. Rec2 Ne7 20. Bf1 Kf7 21.
Qd3 a6 1/2-1/2

[Event "JmKP I 23-24 Univerzita B-Lokomotiva B"]
[Site "?"]
[Date "2024.01.07"]
[Round "27.3"]
[White "Uhmann, Jan"]
[Black "Sladek, Vladislav"]
[Result "1-0"]
[WhiteElo "1923"]
[BlackElo "1911"]
[PlyCount "39"]
[SourceDate "2022.08.13"]

1. e4 d5 2. exd5 Qxd5 3. Nc3 Qa5 4. Bc4 Nf6 5. d4 Bf5 6. Bd2 c6 7. Nd5 Qd8 8.
Nxf6+ gxf6 9. c3 Nd7 10. Qb3 e6 11. Qxb7 Rb8 12. Qxc6 Rxb2 13. Bb3 Bg7 14. Bc1
Rb1 15. Rxb1 Bxb1 16. Ba3 f5 17. Bxe6 Be4 18. Qc4 Qf6 19. Qc8+ Qd8 20. Bxd7#
1-0

[Event "JmKP I 23-24 Univerzita B-Lokomotiva B"]
[Site "?"]
[Date "2024.01.07"]
[Round "27.4"]
[White "Vesely, Jaromir"]
[Black "Navratil, Jiri"]
[Result "0-1"]
[WhiteElo "1860"]
[BlackElo "1949"]
[PlyCount "120"]
[SourceDate "2022.08.13"]

1. d4 d5 2. c4 c6 3. Nc3 dxc4 4. Nf3 b5 5. e3 e6 6. Ne5 Bb7 7. a4 a6 8. Qf3 Qc7
9. Rg1 Nf6 10. g4 Bd6 11. Qg3 Nbd7 12. f4 Nd5 13. Bd2 f6 14. Nxd7 Qxd7 15. e4
Nb4 16. Rc1 Be7 17. Be3 Rc8 18. f5 O-O 19. Qf4 Rce8 20. fxe6 Qxe6 21. Qf5 Qxf5
22. gxf5 Bd6 23. Rg2 Nd5 24. Bh6 Rf7 25. Rg4 Bxh2 26. Be2 Nxc3 27. Rxc3 Bd6 28.
Rh3 Rfe7 29. Bf3 c5 30. dxc5 Bxe4 31. Bxe4 Rxe4+ 32. Rxe4 Rxe4+ 33. Re3 Rxe3+
34. Bxe3 Bc7 35. axb5 axb5 36. Kd2 Kf7 37. Kc3 Ba5+ 38. Kd4 Ke7 39. Kd5 Kd7 40.
c6+ Kc7 41. Bf4+ Kc8 42. Kc5 c3 43. b4 Bc7 44. Bc1 g5 45. fxg6 hxg6 46. Kxb5 g5
47. Kc4 Be5 48. b5 Kc7 49. Be3 g4 50. Kd5 c2 51. b6+ Kb8 52. Ke4 g3 53. Kd3 g2
54. Kxc2 Bh2 55. Kd3 g1=Q 56. Bxg1 Bxg1 57. b7 f5 58. Ke2 Bh2 59. Kf3 Bd6 60.
Ke3 Kc7 0-1

[Event "JmKP I 23-24 Univerzita B-Lokomotiva B"]
[Site "?"]
[Date "2024.01.07"]
[Round "27.5"]
[White "Riha, Otmar"]
[Black "Marsa, Alexandr"]
[Result "1/2-1/2"]
[WhiteElo "1918"]
[BlackElo "1926"]
[PlyCount "82"]
[SourceDate "2022.08.13"]

1. e4 e6 2. d4 d5 3. e5 c5 4. c3 Nc6 5. Nf3 Qb6 6. Be2 Nh6 7. Bxh6 gxh6 8. Qd2
Bd7 9. O-O Bg7 10. Na3 cxd4 11. cxd4 O-O 12. Rfe1 f6 13. Bd3 fxe5 14. dxe5 Be8
15. Nc2 Bg6 16. Bxg6 hxg6 17. Ncd4 Rae8 18. Rac1 g5 19. h3 Ne7 20. a4 Rc8 21.
a5 Qa6 22. b4 b5 23. axb6 Qxb6 24. b5 Rf4 25. Ra1 Rc4 26. Ra6 Rfxd4 27. Rxb6
Rxd2 28. Rxe6 Kf7 29. Rxe7+ Kxe7 30. Nxd2 Rb4 31. Ra1 Bxe5 32. Rxa7+ Ke6 33.
Ra6+ Bd6 34. b6 Rb2 35. Nf1 d4 36. g4 Kd5 37. Ng3 Bxg3 38. fxg3 d3 39. Ra8 Ke4
40. Re8+ Kf3 41. Rd8 Rb1+ 1/2-1/2

[Event "JmKP I 23-24 Univerzita B-Lokomotiva B"]
[Site "?"]
[Date "2024.01.07"]
[Round "27.6"]
[White "Perutka, Tomas"]
[Black "Sebek, Jan"]
[Result "1/2-1/2"]
[WhiteElo "1734"]
[BlackElo "1873"]
[PlyCount "93"]
[SourceDate "2022.08.13"]

1. e4 c5 2. Nf3 d6 3. Bb5+ Nc6 4. O-O a6 5. Bxc6+ bxc6 6. d4 cxd4 7. Qxd4 Nf6
8. e5 Nd5 9. c4 Nc7 10. Nc3 Ne6 11. Qe4 Qc7 12. Rd1 Bb7 13. exd6 exd6 14. Nd5
cxd5 15. cxd5 Be7 16. Qa4+ Qd7 17. Qxd7+ Kxd7 18. dxe6+ fxe6 19. Ne5+ Ke8 20.
Nc4 d5 21. Nb6 Rd8 22. Bf4 Rf8 23. Bc7 Bc5 24. Rd2 Bxb6 25. Bxb6 Rc8 26. Bd4 g6
27. Re1 Ke7 28. Rd3 Rc4 29. b3 Rc6 30. b4 Rf4 31. Bc5+ Kd7 32. g3 Rf7 33. Ree3
a5 34. a3 axb4 35. axb4 Ra6 36. Ra3 Rxa3 37. Rxa3 e5 38. Re3 e4 39. Kf1 Kc6 40.
Ke2 Ba6+ 41. Ke1 Bd3 42. f4 h5 43. Kd2 Kd7 44. Re1 Rf6 45. Ra1 Ra6 46. Rxa6
Bxa6 47. Ke3 1/2-1/2

[Event "JmKP I 23-24 Univerzita B-Lokomotiva B"]
[Site "?"]
[Date "2024.01.07"]
[Round "27.7"]
[White "Borovsky, Adam"]
[Black "Lisik, Miroslav"]
[Result "1-0"]
[WhiteElo "1880"]
[BlackElo "1787"]
[PlyCount "55"]
[SourceDate "2022.08.13"]

1. c4 g6 2. Nf3 Nf6 3. Nc3 Bg7 4. d4 O-O 5. e4 d6 6. Be2 e5 7. O-O exd4 8. Nxd4
Re8 9. Qd3 Nbd7 10. f3 Nc5 11. Qd1 a5 12. Bg5 h6 13. Be3 c6 14. Qd2 Kh7 15.
Rad1 Qe7 16. Nc2 d5 17. cxd5 cxd5 18. exd5 Nfd7 19. Bb5 Rd8 20. Rfe1 Qf8 21.
Qf2 b6 22. Bc6 Rb8 23. Bf4 Ba6 24. Bxb8 Rxb8 25. Bb5 Bxb5 26. Nxb5 Bxb2 27.
Ncd4 Nf6 28. Qxb2 1-0

[Event "JmKP I 23-24 Univerzita B-Lokomotiva B"]
[Site "?"]
[Date "2024.01.07"]
[Round "27.8"]
[White "Blazek, Pavel"]
[Black "Ivan, Lazslo"]
[Result "1-0"]
[WhiteElo "1737"]
[BlackElo "1620"]
[PlyCount "43"]
[SourceDate "2022.08.13"]

1. e4 e6 2. d4 d5 3. Nc3 Bb4 4. a3 Bxc3+ 5. bxc3 dxe4 6. Qg4 Nf6 7. Qxg7 Rg8 8.
Qh6 c5 9. Qd2 Qa5 10. dxc5 Nc6 11. Bb2 Qxc5 12. c4 Ng4 13. Bc1 e3 14. fxe3 Qe5
15. Rb1 Nxh2 16. Rb5 Nxf1 17. Kxf1 Qe4 18. Nf3 e5 19. Rh4 Rg4 20. Rxg4 Bxg4 21.
Qd5 Rd8 22. Qxe4 1-0

[Event "Jm KP I 23-24 Kurim A-Duras Brno B"]
[Site "Kurim"]
[Date "2024.01.07"]
[Round "28.1"]
[White "Majer, Jiri"]
[Black "Glozar, Petr"]
[Result "1/2-1/2"]
[WhiteElo "2191"]
[BlackElo "2177"]
[PlyCount "46"]
[SourceDate "2022.08.13"]

1. d4 Nf6 2. Nf3 g6 3. g3 Bg7 4. Bg2 O-O 5. O-O d5 6. Nbd2 Bf5 7. b3 Qc8 8. Ba3
Re8 9. c4 c6 10. Rc1 Bh3 11. cxd5 Bxg2 12. Kxg2 Nxd5 13. e4 Nc7 14. d5 Nb5 15.
Bc5 Qd7 16. Nc4 cxd5 17. Nce5 Qe6 18. exd5 Qf5 19. Qe2 Nd6 20. Rfe1 h5 21. Nc4
Nxc4 22. Qxc4 Bf6 23. Bd4 Nd7 1/2-1/2

[Event "Jm KP I 23-24 Kurim A-Duras Brno B"]
[Site "Kurim"]
[Date "2024.01.07"]
[Round "28.2"]
[White "Tikovsky, Alexandr"]
[Black "Nemec, David"]
[Result "1/2-1/2"]
[WhiteElo "2051"]
[BlackElo "2051"]
[PlyCount "67"]
[SourceDate "2022.08.13"]

1. d4 Nf6 2. Nf3 e6 3. c4 b6 4. Bf4 Bb7 5. e3 d6 6. Nc3 Nbd7 7. Be2 Be7 8. h3
O-O 9. O-O Re8 10. Qc2 Bf8 11. Rad1 Qc8 12. Bh2 e5 13. d5 a5 14. a3 g6 15. b4
Bg7 16. Nd2 h6 17. Nb3 Nh7 18. e4 Qd8 19. bxa5 bxa5 20. Na4 Nb6 21. Nc3 a4 22.
Nd2 Bc8 23. c5 dxc5 24. Nb5 Nd7 25. d6 cxd6 26. Nxd6 Re7 27. N2c4 Ng5 28. Ne3
Ba6 29. Nd5 Re6 30. Nc4 Bxc4 31. Bxc4 Rd6 32. f4 Ne6 33. f5 Nd4 34. Qa2 1/2-1/2

[Event "Jm KP I 23-24 Kurim A-Duras Brno B"]
[Site "?"]
[Date "2024.01.07"]
[Round "28.3"]
[White "Setina, Vaclav"]
[Black "Fencl, Vaclav"]
[Result "1-0"]
[WhiteElo "2024"]
[BlackElo "1848"]
[PlyCount "117"]
[EventDate "2024.01.07"]
[SourceDate "2022.08.13"]

1. e4 c5 2. c3 d5 3. exd5 Qxd5 4. d4 Nf6 5. Nf3 Bg4 6. Be2 e6 7. h3 Bh5 8. O-O
Be7 9. Be3 cxd4 10. cxd4 O-O 11. Nc3 Qa5 12. a3 Nc6 13. b4 Qd8 14. Qb3 Rc8 15.
Rfd1 Nd5 16. Nxd5 exd5 17. Rac1 17... Bf6 $2 (17... f5 18. Bf4 g5 19. Be5) 18.
Rc5 $1 18... Ne7 $4 19. g4 Qd7 20. gxh5 Qxh3 21. Nh2 Rxc5 22. bxc5 g6 23. Qd3
Nf5 24. Bg4 Qh4 25. Bxf5 gxf5 26. Bh6 Re8 27. Qg3+ Qxg3+ 28. fxg3 Bd8 29. Kf2
f6 30. Re1 Rxe1 31. Kxe1 Kf7 32. Ke2 b6 33. cxb6 Bxb6 34. Nf3 Ba5 35. Kd3 Bc7
36. Bf4 Ba5 37. Nh4 Ke6 38. Ng2 Kd7 39. a4 Bb4 40. Bd2 Bd6 41. Nf4 Kc6 42. h6
Ba3 43. Nh5 Be7 44. Ng7 Kd7 45. Nxf5 Ba3 46. g4 Ke6 47. Ng7+ Kd6 48. Nh5 Ke6
49. Nf4+ Kd6 50. Kc3 Kc6 51. Kb3 Bd6 52. Nh3 Bg3 53. g5 fxg5 54. Nxg5 Bf2 55.
Kc3 Kd7 56. Nxh7 Ke8 57. Ng5 Kf8 58. h7 Kg7 59. Bf4 1-0

[Event "Jm KP I 23-24 Kurim A-Duras Brno B"]
[Site "Kurim"]
[Date "2024.01.07"]
[Round "28.4"]
[White "Tuma, Miroslav"]
[Black "Pavlik, Vladimir"]
[Result "1/2-1/2"]
[WhiteElo "1836"]
[BlackElo "1983"]
[PlyCount "47"]
[SourceDate "2022.08.13"]

1. e4 c5 2. Nf3 Nc6 3. d4 cxd4 4. Nxd4 g6 5. c4 Bg7 6. Be3 Nf6 7. Nc3 Ng4 8.
Qxg4 Nxd4 9. Qd1 e5 10. Bd3 O-O 11. O-O d6 12. Qd2 Be6 13. Rad1 Qe7 14. Bxd4
exd4 15. Ne2 b5 16. cxb5 Bxa2 17. Qb4 Be6 18. Ra1 Rfd8 19. Nxd4 Qg5 20. f4 Qf6
21. Ra4 Bd7 22. f5 g5 23. Rc1 Rac8 24. Rc3 1/2-1/2

[Event "Jm KP I 23-24 Kurim A-Duras Brno B"]
[Site "Kurim"]
[Date "2024.01.07"]
[Round "28.5"]
[White "Parak, Dominik"]
[Black "Chmelicek, Bronislav"]
[Result "1-0"]
[WhiteElo "2033"]
[BlackElo "1841"]
[PlyCount "59"]
[SourceDate "2022.08.13"]

1. e4 c6 2. d4 d5 3. e5 Bf5 4. Nf3 e6 5. Be2 Nd7 6. O-O c5 7. c3 cxd4 8. cxd4
h6 9. Nc3 Ne7 10. Qb3 Qb8 11. Bf4 a6 12. Rac1 Nc6 13. Bg3 Bg4 14. Nxd5 Bxf3 15.
Bxf3 Nxd4 16. Nc7+ Qxc7 17. Rxc7 Nxb3 18. axb3 Nc5 19. Rd1 Rd8 20. Rxd8+ Kxd8
21. Rxf7 Nxb3 22. Rxb7 Nc5 23. Ra7 g5 24. h4 Rg8 25. b4 Nd3 26. Rxa6 Nxb4 27.
Rxe6 Kd7 28. Rb6 gxh4 29. Bxh4 Nd3 30. e6+ 1-0

[Event "Jm KP I 23-24 Kurim A-Duras Brno B"]
[Site "Kurim"]
[Date "2024.01.07"]
[Round "28.6"]
[White "Zuziak, Petr"]
[Black "Krena, Bohuslav"]
[Result "1/2-1/2"]
[WhiteElo "1783"]
[BlackElo "1907"]
[PlyCount "28"]
[SourceDate "2022.08.13"]

1. Nf3 d5 2. c4 c6 3. e3 e6 4. Nc3 Bd6 5. b3 f5 6. Bb2 Nf6 7. Qc2 O-O 8. h3 a6
9. g4 Ne4 10. gxf5 Rxf5 11. Nxe4 Rxf3 12. Nxd6 Qxd6 13. Be2 Rf7 14. f4 Nd7
1/2-1/2

[Event "Jm KP I 23-24 Kurim A-Duras Brno B"]
[Site "MyTown"]
[Date "2024.01.07"]
[Round "28.7"]
[White "Horak, Bronislav"]
[Black "Hyrs, Martin"]
[Result "1/2-1/2"]
[WhiteElo "1893"]
[BlackElo "1834"]
[PlyCount "28"]
[EventDate "2018.01.07"]
[SourceDate "2022.08.13"]

1. e4 e5 2. Nf3 Nf6 3. Nxe5 d6 4. Nf3 Nxe4 5. d4 d5 6. Bd3 Be7 7. O-O Bf5 8.
Re1 Nc6 9. c4 Nb4 10. Bf1 O-O 11. a3 Nc6 12. Nc3 Nxc3 13. bxc3 dxc4 14. Bxc4
Bf6 1/2-1/2

[Event "Jm KP I 23-24 Kurim A-Duras Brno B"]
[Site "?"]
[Date "2024.01.07"]
[Round "28.8"]
[White "Mencik, Pavel"]
[Black "Kriz, Tomas"]
[Result "0-1"]
[WhiteElo "1735"]
[BlackElo "1783"]
[PlyCount "88"]
[SourceDate "2022.08.13"]

1. e4 e5 2. Nc3 Nf6 3. f4 d5 4. fxe5 Nxe4 5. Qf3 Nxc3 6. bxc3 Be6 7. d4 Nd7 8.
Bd3 f6 9. exf6 Qxf6 10. Rb1 O-O-O 11. Qxf6 Nxf6 12. Nf3 Bd6 13. O-O h6 14. Bd2
g5 15. h3 Nh5 16. Rbe1 Rde8 17. Bg6 Ng3 18. Bxe8 Rxe8 19. Rf2 Ne4 20. Rfe2 Bg3
21. Rf1 Bd6 22. Be1 g4 23. Ne5 gxh3 24. Rf4 h5 25. Rh4 Bxe5 26. dxe5 Bg4 27.
Re3 hxg2 28. c4 Nd6 29. cxd5 Nf5 30. Re4 Nxh4 31. Bxh4 Bf3 32. Re1 Bxd5 33. a3
Kd7 34. Bf6 Rg8 35. Kh2 Ke6 36. Bh4 Rg4 37. Bf2 a6 38. Bg3 Rc4 39. Re2 Rc3 40.
Bf2 Rxa3 41. Re3 Rxe3 42. Bxe3 Kxe5 43. Kg3 a5 44. Bf4+ Kf5 0-1

[Event "Jm KP I 23-24 Kurim B - Letovice"]
[Site "Kurim"]
[Date "2024.01.07"]
[Round "29.1"]
[White "Soucek, Andrej"]
[Black "Dobes, Dusan"]
[Result "0-1"]
[WhiteElo "1731"]
[BlackElo "2064"]
[PlyCount "56"]
[SourceDate "2022.08.13"]

1. Nf3 d5 2. g3 Nc6 3. c4 d4 4. Bg2 e5 5. d3 Nf6 6. O-O a5 7. e3 Be7 8. exd4
exd4 9. Re1 O-O 10. Bg5 Bf5 11. Ne5 Nxe5 12. Rxe5 Qd7 13. Bxb7 Rab8 14. Bg2
Rxb2 15. Rxa5 Rxf2 16. Bxf6 Rxg2+ 17. Kxg2 Bxf6 18. Rxf5 Qxf5 19. Qf3 Qa5 20.
Qe2 Bg5 21. a4 Qa8+ 22. Qf3 Qb8 23. Qf2 Qb7+ 24. Kh3 Be3 25. Qe2 Ra8 26. Na3
Rxa4 27. Nc2 Qc8+ 28. Kg2 Rxa1 0-1

[Event "Jm KP I 23-24 Kurim B - Letovice"]
[Site "Kurim"]
[Date "2024.01.07"]
[Round "29.2"]
[White "Handl, Martin"]
[Black "Dumkova, Daniela"]
[Result "1-0"]
[WhiteElo "1988"]
[BlackElo "1907"]
[PlyCount "79"]
[SourceDate "2022.08.13"]

1. e4 c5 2. Nf3 d6 3. d4 cxd4 4. Nxd4 Nf6 5. Nc3 a6 6. Bc4 e5 7. Nde2 Qc7 8.
Bb3 b5 9. Bg5 Nbd7 10. O-O Bb7 11. Bxf6 Nxf6 12. Nd5 Nxd5 13. Bxd5 Be7 14. Nc3
O-O 15. Bxb7 Qxb7 16. Nd5 Rac8 17. c3 f5 18. f3 Bd8 19. Qd3 Bb6+ 20. Kh1 fxe4
21. fxe4 Bc5 22. b4 Bb6 23. Qh3 Kh8 24. Qe6 Qb8 25. Rad1 Rfe8 26. Qd7 Red8 27.
Qg4 Rf8 28. h3 a5 29. a3 axb4 30. axb4 Ba7 31. Ra1 Rxf1+ 32. Rxf1 Rf8 33. Rf5
Qd8 34. Qf3 Rxf5 35. Qxf5 h6 36. Qf7 Bb8 37. Ne7 Bc7 38. Ng6+ Kh7 39. Nf8+ Kh8
40. Ne6 1-0

[Event "Jm KP I 23-24 Kurim B - Letovice"]
[Site "Kurim"]
[Date "2024.01.07"]
[Round "29.3"]
[White "Bocek, Tadeas"]
[Black "Sevcik, Leos"]
[Result "1/2-1/2"]
[WhiteElo "1852"]
[BlackElo "1967"]
[PlyCount "80"]
[SourceDate "2022.08.13"]

1. d4 d5 2. Nf3 Nf6 3. e3 e6 4. Bd3 Bd6 5. O-O O-O 6. Nbd2 Nbd7 7. b3 e5 8.
dxe5 Nxe5 9. Bb2 Nxd3 10. cxd3 Bf5 11. Qc2 Re8 12. Rfe1 Bb4 13. Bc3 Bxc3 14.
Qxc3 c6 15. Rac1 Qb6 16. Nh4 Be6 17. Nhf3 Re7 18. e4 dxe4 19. dxe4 Rd8 20. Nc4
Bxc4 21. Qxc4 Rde8 22. Nd2 Ng4 23. Re2 Ne5 24. Qc2 Rd7 25. Nc4 Nxc4 26. Qxc4
Rd4 27. Qc2 Qd8 28. h3 Re6 29. Rce1 g6 30. Qc1 Qe7 31. Qc2 c5 32. f3 b6 33. Rd1
Qd8 34. Rde1 Qd6 35. Qc1 Qg3 36. Qe3 Qd6 37. Qc1 Rd3 38. Re3 Qd4 39. Kh1 Rd2
40. R3e2 Rxe2 1/2-1/2

[Event "Jm KP I 23-24 Kurim B - Letovice"]
[Site "Kurim"]
[Date "2024.01.07"]
[Round "29.4"]
[White "Moc, Roman"]
[Black "Kudla, Vladimir"]
[Result "1/2-1/2"]
[WhiteElo "1920"]
[BlackElo "1866"]
[PlyCount "105"]
[SourceDate "2022.08.13"]

1. e4 b6 2. d4 Bb7 3. Nc3 e6 4. a3 Nf6 5. Bd3 c5 6. dxc5 bxc5 7. Qe2 Be7 8. Nf3
d6 9. O-O O-O 10. Re1 Nbd7 11. b3 Qb6 12. Rb1 Qc6 13. Bb2 a6 14. Qd2 Rfe8 15.
Rbd1 Rad8 16. Nb1 d5 17. e5 Ne4 18. Qe2 Nf8 19. Nbd2 Nxd2 20. Nxd2 Ng6 21. Qg4
Rc8 22. c4 Red8 23. cxd5 Qxd5 24. Be4 Qd7 25. Nc4 Qc7 26. Nd6 Bxd6 27. exd6 Qd7
28. Bxb7 Qxb7 29. Re3 Qc6 30. Qg3 Rd7 31. h4 h5 32. Red3 Rcd8 33. R3d2 Qb6 34.
Qc3 e5 35. Rc1 Rxd6 36. Rxd6 Qxd6 37. Qxc5 Qe6 38. Qc4 Qd6 39. g3 Qb6 40. Qc2
Qe6 41. Kh2 Rb8 42. b4 Qb6 43. Qc5 Qe6 44. Re1 Rb5 45. Qc2 Qb6 46. Bc1 a5 47.
Qc8+ Nf8 48. Be3 Qe6 49. Qc3 axb4 50. axb4 Nd7 51. Bg5 Qf5 52. Kg2 Nf6 53. Bxf6
1/2-1/2

[Event "Jm KP I 23-24 Kurim B - Letovice"]
[Site "Kurim"]
[Date "2024.01.07"]
[Round "29.5"]
[White "Pesl, Jan"]
[Black "Dvoracek, Filip"]
[Result "0-1"]
[WhiteElo "1783"]
[BlackElo "1848"]
[PlyCount "78"]
[SourceDate "2022.08.13"]

1. e4 c6 2. d4 d5 3. exd5 cxd5 4. Bd3 Nf6 5. c3 Nc6 6. Bf4 Bg4 7. Qb3 Qc8 8.
Nd2 e6 9. Ngf3 Be7 10. O-O O-O 11. Ne5 Bh5 12. Rae1 a6 13. Ndf3 Nxe5 14. Nxe5
Nd7 15. Qc2 Bg6 16. Nxg6 hxg6 17. Bg3 Bf6 18. Qe2 Re8 19. Qf3 Qc6 20. h4 b5 21.
h5 g5 22. Qg4 Qb6 23. f4 Bxd4+ 24. Kh1 f5 25. Bxf5 exf5 26. Qxf5 Bxc3 27. Qxd5+
Kh8 28. Rxe8+ Rxe8 29. bxc3 Nf6 30. Qf7 Qe3 31. h6 Rg8 32. Rf3 Qc1+ 33. Kh2
Ng4+ 34. Kh3 Nxh6 35. Qh5 g4+ 36. Kh4 Qh1+ 37. Bh2 Qxh2+ 38. Rh3 gxh3 39. gxh3
Qxf4+ 0-1

[Event "Jm KP I 23-24 Kurim B - Letovice"]
[Site "Kurim"]
[Date "2024.01.07"]
[Round "29.6"]
[White "Pucalka, Vojtech"]
[Black "Zaporozhets, Petro"]
[Result "1/2-1/2"]
[WhiteElo "1855"]
[BlackElo "1407"]
[PlyCount "49"]
[SourceDate "2022.08.13"]

1. e4 e5 2. Nf3 Nc6 3. Bb5 a6 4. Ba4 Bc5 5. c3 Nf6 6. Bc2 d6 7. h3 O-O 8. O-O
d5 9. d3 dxe4 10. dxe4 Qe7 11. Qe2 Rd8 12. Be3 Be6 13. Nbd2 Bxe3 14. Qxe3 Nh5
15. Ng5 Rd6 16. Nxe6 Rxe6 17. g3 Rd8 18. Rad1 Rg6 19. Kh2 Rh6 20. Nf3 Rdd6 21.
Rxd6 cxd6 22. Bb3 Nf6 23. Nh4 Qd7 24. Rd1 Na5 25. Kg2 1/2-1/2

[Event "Jm KP I 23-24 Kurim B - Letovice"]
[Site "Kurim"]
[Date "2024.01.07"]
[Round "29.7"]
[White "Bauer, Miroslav"]
[Black "Jacko, Tomas"]
[Result "1-0"]
[WhiteElo "1700"]
[BlackElo "2048"]
[PlyCount "83"]
[SourceDate "2022.08.13"]

1. d4 e6 2. Nf3 f5 3. c4 Nf6 4. Nc3 Bb4 5. a3 Bxc3+ 6. bxc3 Ne4 7. Bd2 O-O 8.
e3 b6 9. Bd3 Bb7 10. Qb3 Nxd2 11. Kxd2 Bxf3 12. gxf3 Nc6 13. Rag1 Na5 14. Qb5
Qe7 15. Qe5 Rf7 16. c5 d6 17. cxd6 cxd6 18. Qb5 d5 19. Qb4 Qc7 20. f4 Rc8 21.
Ba6 Rd8 22. h4 Rf6 23. h5 Kh8 24. Rg2 Nb7 25. Rhg1 Rf7 26. c4 Nd6 27. cxd5 Ne4+
28. Kd3 exd5 29. f3 Nf6 30. Rc2 Qe7 31. Qxe7 Rxe7 32. Rg5 Rde8 33. Re2 Re6 34.
Rxf5 g6 35. hxg6 h5 36. Bb7 h4 37. Bxd5 Rxe3+ 38. Rxe3 Rxe3+ 39. Kxe3 h3 40.
Rxf6 h2 41. Rf8+ Kg7 42. Rg8+ 1-0

[Event "Jm KP I 23-24 Kurim B - Letovice"]
[Site "Kurim"]
[Date "2024.01.07"]
[Round "29.8"]
[White "Mizak, Jan"]
[Black "Bocek, Adam"]
[Result "1/2-1/2"]
[WhiteElo "1849"]
[BlackElo "1457"]
[PlyCount "106"]
[SourceDate "2022.08.13"]

1. d4 d5 2. Bf4 Nf6 3. e3 Bf5 4. Be2 e6 5. Nf3 c5 6. c3 Nc6 7. Nbd2 Qb6 8. Qb3
Qxb3 9. axb3 a6 10. O-O Be7 11. h3 O-O 12. Ne5 Nxe5 13. Bxe5 Nd7 14. Bg3 Rfc8
15. Rfc1 cxd4 16. exd4 Bg5 17. f4 Bd8 18. Nf3 Nf6 19. b4 Ne4 20. Bh2 h6 21. Rd1
f6 22. Nd2 Bb6 23. g4 Bh7 24. Nxe4 Bxe4 25. Bd3 Bxd3 26. Rxd3 Re8 27. Kg2 g5
28. Re1 Kf7 29. Rf3 Kg6 30. Ref1 gxf4 31. Bxf4 Bd8 32. Re1 Rc8 33. Rfe3 Rc6 34.
h4 b5 35. Rf3 a5 36. bxa5 Bxa5 37. Ref1 Bd8 38. h5+ Kg7 39. Bg3 Rf8 40. Bh4 Be7
41. Ra1 Rc7 42. Ra6 Kf7 43. Rb6 b4 44. Be1 Rg8 45. Kh3 bxc3 46. bxc3 Ba3 47.
Bd2 Bf8 48. Bf4 Re7 49. Bd6 Ra7 50. Bf4 Bg7 51. Re3 Re8 52. Rf3 Kg8 53. Rf1 Rf7
1/2-1/2

[Event "Jm KP I 23-24 Hodonin-Rudice"]
[Site "Sportklub Hodonin"]
[Date "2024.01.07"]
[Round "30.1"]
[White "Pesak, Roman"]
[Black "Rada, Michal"]
[Result "1/2-1/2"]
[WhiteElo "1906"]
[BlackElo "2094"]
[PlyCount "159"]
[SourceDate "2022.08.13"]

{255MB} 1. e4 1... e5 2. Nf3 Nc6 3. Bb5 a6 4. Ba4 Nf6 5. d3 b5 6. Bb3 Be7 7.
Nc3 d6 8. h3 Na5 9. O-O O-O 10. Nh2 Nxb3 11. axb3 Bb7 12. Ng4 Nxg4 13. Qxg4 Bc8
14. Qe2 c6 15. f4 Bf6 16. f5 b4 17. Nd1 d5 18. Nf2 Bg5 19. Ng4 Bxc1 20. Raxc1
f6 21. Rfd1 Qb6+ 22. Qf2 Qb5 23. Ra1 a5 24. Ne3 Bb7 25. exd5 cxd5 26. Kh2 a4
27. bxa4 Rxa4 28. Rxa4 Qxa4 29. b3 Qa7 30. Qe1 Qd4 31. Ra1 Rc8 32. Ra4 Qf4+ 33.
Qg3 Qd4 34. Qe1 Rc3 35. Ra2 e4 36. Nd1 Rc8 37. dxe4 dxe4 38. Ne3 h6 39. Nc4 Bd5
40. Qxb4 Bxc4 41. bxc4 e3 42. Qe7 Rb8 43. c3 Qxc4 44. Qe6+ Qxe6 45. fxe6 Re8
46. Kg3 g5 47. Re2 f5 48. Kf3 Rxe6 49. Rxe3 Rc6 50. g3 Kf7 51. Ke2 Kf6 52. Kd3
Rd6+ 53. Ke2 h5 54. c4 Rd4 55. Rc3 Ke6 56. Ke3 Re4+ 57. Kf3 h4 58. gxh4 Rxh4
59. Kg3 Kd6 60. Rd3+ Ke5 61. Rd5+ Ke4 62. Rd8 f4+ 63. Kg2 Rh6 64. Rg8 Rc6 65.
Rxg5 Rxc4 66. h4 Rc2+ 67. Kh3 Kf3 68. Ra5 Rc3 69. h5 Kf2+ 70. Kg4 f3 71. Ra4
Kg2 72. Ra2+ f2 73. h6 Rg3+ 74. Kf5 Rf3+ 75. Kg6 Ra3 76. Rxf2+ Kxf2 77. h7 Rg3+
78. Kf7 Rh3 79. Kg7 Rxh7+ 80. Kxh7 1/2-1/2

[Event "Jm KP I 23-24 Hodonin-Rudice"]
[Site "Sportklub Hodonin"]
[Date "2024.01.07"]
[Round "30.2"]
[White "Hnilicka, Michal"]
[Black "Provaznik, Michal"]
[Result "0-1"]
[WhiteElo "1843"]
[BlackElo "2083"]
[PlyCount "94"]
[SourceDate "2022.08.13"]

{255MB} 1. e4 1... c5 2. d4 cxd4 3. c3 d3 4. Bxd3 Nc6 5. Nf3 d6 6. O-O g6 7.
Bc4 Bg7 8. Be3 Nf6 9. e5 Ng4 10. exd6 Nxe3 11. fxe3 O-O 12. dxe7 Qxe7 13. Qe2
Bf5 14. Nd4 Bd7 15. Nxc6 Bxc6 16. Na3 Rae8 17. Rae1 Be5 18. Qf2 Kg7 19. Nc2 Bc7
20. Nb4 Be4 21. Rd1 Qe5 22. Qh4 g5 23. Qh3 Rd8 24. Rxd8 Bxd8 25. Qd7 Bf6 26.
Nd3 Qe7 27. Qxe7 Bxe7 28. Nf2 Bc6 29. Rd1 Bc5 30. Rd3 Re8 31. Bd5 Bxe3 32. Bxc6
bxc6 33. Kf1 Bb6 34. b4 c5 35. b5 c4 36. Rg3 Re5 37. a4 h5 38. h4 g4 39. Nxg4
hxg4 40. Rxg4+ Kh6 41. Rxc4 Kh5 42. g3 f5 43. Kg2 Re2+ 44. Kh1 Rc2 45. Rf4 Be3
46. Rf3 Rxc3 47. Kg2 Kg4 0-1

[Event "Jm KP I 23-24 Hodonin-Rudice"]
[Site "Sportklub Hodonin"]
[Date "2024.01.07"]
[Round "30.3"]
[White "Kladnak, Martin"]
[Black "Saida, Jan"]
[Result "1-0"]
[WhiteElo "2013"]
[BlackElo "1805"]
[PlyCount "107"]
[SourceDate "2022.08.13"]

{255MB} 1. e4 1... e6 2. d4 d5 3. Nd2 Nf6 4. e5 Nfd7 5. Bd3 c5 6. c3 Nc6 7. Ne2
Be7 8. O-O Qb6 9. Nf3 f6 10. exf6 Bxf6 11. Nf4 Nf8 12. Re1 Ne7 13. c4 Qd6 14.
cxd5 cxd4 15. Bb5+ Kd8 16. Nxd4 e5 17. Nde6+ Nxe6 18. Nxe6+ Bxe6 19. dxe6 Kc7
20. Qb3 Nc6 21. Be3 Rhe8 22. Bc4 Na5 23. Qc3 Nxc4 24. Qxc4+ Qc6 25. Rac1 Qxc4
26. Rxc4+ Kd6 27. Rd1+ Kxe6 28. Rc7 Red8 29. Rxd8 Rxd8 30. Kf1 Rd7 31. Rxd7
Kxd7 32. Bxa7 Kc6 33. Be3 e4 34. b3 Kb5 35. Bd2 Bd4 36. Ke2 g6 37. h3 Bc5 38.
f3 exf3+ 39. Kxf3 Bb4 40. Bc1 Bc3 41. Ke4 Kc6 42. Kd3 Bf6 43. Kc4 Be5 44. a4 b6
45. Be3 Bf6 46. Bd4 Be7 47. b4 Bd8 48. Be5 Be7 49. a5 bxa5 50. bxa5 Bd8 51. Bc3
Bc7 52. Bd2 Bd8 53. Bc3 Bc7 54. a6 1-0

[Event "Jm KP I 23-24 Hodonin-Rudice"]
[Site "Sportklub Hodonin"]
[Date "2024.01.07"]
[Round "30.4"]
[White "Matuska, Jan"]
[Black "Travnicek, Petr"]
[Result "0-1"]
[WhiteElo "1874"]
[BlackElo "2074"]
[PlyCount "46"]
[SourceDate "2022.08.13"]

{255MB} 1. e4 1... c5 2. Nf3 Nc6 3. Bb5 e5 4. O-O Bd6 5. Re1 Nf6 6. c3 a6 7.
Bf1 O-O 8. d4 Qc7 9. h3 cxd4 10. cxd4 exd4 11. Nxd4 Nxd4 12. Qxd4 Be5 13. Qd3
b5 14. Nc3 Bb7 15. f3 Rfe8 16. a3 d5 17. Re2 dxe4 18. Nxe4 Nh5 19. g4 Rad8 20.
Qb3 Bd5 21. Qc2 Bd4+ 22. Kh1 Ng3+ 23. Nxg3 Qxg3 0-1

[Event "Jm KP I 23-24 Hodonin-Rudice"]
[Site "Sportklub Hodonin"]
[Date "2024.01.07"]
[Round "30.5"]
[White "Skocik, Marek"]
[Black "Nejezchleb, Drahos"]
[Result "1-0"]
[WhiteElo "1930"]
[BlackElo "1988"]
[PlyCount "69"]
[SourceDate "2022.08.13"]

{255MB} 1. d4 1... d5 2. Bf4 Bf5 3. c4 c6 4. Nc3 e6 5. e3 Nf6 6. Qb3 Qb6 7. h3
h6 8. c5 Qxb3 9. axb3 Nbd7 10. b4 Be7 11. b5 O-O 12. bxc6 bxc6 13. Nf3 a5 14.
Be2 Rfc8 15. O-O Bd8 16. Ra2 Bc7 17. Bxc7 Rxc7 18. b4 Rca7 19. b5 Ne4 20. Nxe4
dxe4 21. Nd2 cxb5 22. Bxb5 Nf6 23. g4 Bg6 24. Rfa1 Nd5 25. Bc6 Nb4 26. Bxa8
Nxa2 27. Rxa2 Rxa8 28. Nc4 f6 29. Rxa5 Rxa5 30. Nxa5 Be8 31. c6 Kf8 32. c7 Bd7
33. Nc4 Ke7 34. Nb6 Kd6 35. c8=Q 1-0